01568nam a22001577a 4500008004100000020001500041050001600056100002100072245004500093260003600138300004700174500002000221505112900241700002101370700001901391120605t xxu||||| |||| 00| 0 eng d a0070433445 aHF5635.M492 aMeigs, Robert F. aFinancial accounting. /cRobert F. Meigs aNew York:bMcgraw- Hill,c1995. axxii, 685 + various pagings:bill.;c26cm. aIncludes index. aContents: Accounting: The Language of business -- Recording changing in financial position -- Measuring business income and completion of the accounting cycle -- Year end -- Merchandising activities, accounting systems, and financial statement analysis -- Accounting for merchandising activities -- Accounting systems, internal control and audits -- Introduction to financial statment analysis and the statement of cash flows -- Accounting for assets -- Financial assets -- Inventories and the cost of goods sold -- Plant assets and depreciation -- Accounting for liabilities and owners' equity -- Owners' equity : sole proprietorships, partnerships, and corporations -- Reporting unusual events and special equity transactions -- Measuring cash flows -- Accounting concepts, professional judgement, and ethical conduct -- Appendix A: Annual reports of toys -- Appendix B: Manual special journal -- Appendix C: Applications of present value -- International accounting and foriegn currency transactions -- Income taxes and business decisions --Appendix F: Analysis and interpretation of financial statements: a second look. aMeigs, Walter B. aMeigs, Mary A.